|
|
|
|
| LEADER |
00000cam a2200000 7i4500 |
| 001 |
0000143421 |
| 005 |
20220124.0 |
| 008 |
220124s2021 xxxk xb i f eng |
| 020 |
|
|
|a 9781444948615
|
| 040 |
|
|
|a PERPUSTAM
|b eng
|c PERPUSTAM
|e rda
|
| 041 |
|
|
|a eng
|
| 090 |
0 |
0 |
|a J 823.92
|b DOL
|
| 100 |
1 |
|
|a Dolan, Elys ,
|e author
|
| 245 |
1 |
0 |
|a What about the Tooth Fairy?
|c Elys Dolan
|
| 264 |
|
1 |
|a London :
|b Hodder Children's Books
|c 2021
|
| 300 |
|
|
|a 1 volume (unpaged) :
|b colour illustrations ;
|c 32 cm.
|
| 336 |
|
|
|a text
|2 rdacontent
|
| 337 |
|
|
|a unmediated
|2 rdamedia
|
| 338 |
|
|
|a volume
|2 rdacarrier
|
| 500 |
|
|
|a 3-8 years
|
| 650 |
1 |
0 |
|a English fiction
|
| 999 |
|
|
|a 0000707659
|b Buku
|c Koleksi Pinjaman Kanak-Kanak
|e Perbadanan Perpustakaan Awam Melaka
|
| 999 |
|
|
|a 0000707660
|b Buku
|c Koleksi Pinjaman Kanak-Kanak
|e Perbadanan Perpustakaan Awam Melaka
|
| 999 |
|
|
|a 0000707661
|b Buku
|c Koleksi Pinjaman Kanak-Kanak
|e Perbadanan Perpustakaan Awam Melaka
|
| 999 |
|
|
|a 0000707662
|b Buku
|c Koleksi Pinjaman Kanak-Kanak
|e Perpustakaan Cawangan Jasin
|
| 999 |
|
|
|a 0000707663
|b Buku
|c Koleksi Pinjaman Kanak-Kanak
|e Perpustakaan Cawangan Masjid Tanah
|
| 999 |
|
|
|a 0000707664
|b Buku
|c Koleksi Pinjaman Kanak-Kanak
|e Perpustakaan Cawangan Merlimau
|